00811nam a2200253Ia 4500003000400000005001700004008004100021020001500062040000700077041000800084082002100092100002600113245004900139250000600188260005200194300002200246365001300268650002100281650002600302906005500328942001200383999001900395952014300414OSt20230324151125.0210423s2006 xx 000 0 und d a8176932019 cAL aeng a338.5 223bVARH aVARIAN (Hal R)977545 aIntermediate microeconomics: modern approach a7 aNew DelhibAffiliated East West Press Ltdc2006 axxiv,715,A-39bPB b295cINR aEconomics977546 aMicroeconomics977547 aapproach ; Intermediate ; microeconomics: ; modern 2ddccBK c155848d155848 001040708ECOaSACPGbSACPGd2008-08-11eAthulya Booksg295.00l2o338.5 VARHpPG002320r2023-11-04 00:00:00s2023-11-04w2021-04-26yBK